000 00525nam a2200181 a 4500
001 000040124
005 20201002033930.0
008 130808s1969 sp 000 0 spa d
040 _aDO-SdBNP
_bspa
_cBNPHU
100 1 _aRighi, Gaetano
_966386
245 1 0 _aHistoria de la filología clásica /
_ctraducción de J.M. García de la Mora.
250 _a2a.ed.
260 _aBarcelona :
_bLabor,
_c1969.
300 _a259 p. ;
_c21 cm.
490 1 _aLabor
700 1 _aGarcía de la Mora, J.M.
_966387
830 0 _aLabor
_95274
999 _c39614
_d39614